| 000 | 01335nas a2200241 454500 | ||
|---|---|---|---|
| 001 | 11485 | ||
| 005 | 20260407193504.0 | ||
| 008 | 260407s1975####ag###########|||spa#d | ||
| 003 | AR-UNSa-BCEJYS | ||
| 040 |
_aAR-UNSa-BCEJYS _bspa _cAR-UNSa-BCEJYS |
||
| 080 |
_a330 _xEconomía en general |
||
| 245 | 1 | 0 | _aJournal of public economics |
| 022 | _a0047-2727 | ||
| 264 | 1 |
_aAmsterdam : _bNorth Holland _c1975 |
|
| 310 | _aFrecuencia: Irregular Acceso a texto completo brindado por el Ministerio de Ciencia, Tecnología e Innovación productiva A partir del Vol. 15 Nº 1, se agrega como Editor N.H Stern A partir del Vol. 67 Nº 1, cambian los Editores a R.H. Gordon y J.M. Poterba A partir del Vol. 87 Nº 1, se reemplaza al Editor R.H Gordon por J.M. Boadway A partir del Vol. 90 Nº 6/7, se reemplaza al Editor J.M. Poterbapor E. Saez A partir del Vol. 93 Nº 5/6, se reemplaza al Editor J.M. Boadway por R. Chetty A partir del Vol. 94 Nº 11/12, deja de ser Editor E. Saez A partir del Vol. 95 Nº 9/10, se agrega como Editor E. Saez | ||
| 942 | _cSER | ||
| 590 | _aniveau_biblio:s niveau_hierar:1 | ||
| 100 | 1 | _aAtkinson, A.B. | |
| 650 | _aTeorías económicas | ||
| 650 | _aHacienda pública | ||
| 650 | _aECONOMIA | ||
| 856 | 4 | 1 |
_uhttps://biblioeco.unsa.edu.ar/pmb/images/revistas/R09811.jpg _yImagen de portada _qimage/jpeg |
| 999 |
_c8447 _d8447 |
||